Quizzes
Events
Quiz Creation
Community
Videos
Private Events
Remove Ads
Sign In
Join for FREE
Feedback
Dark Mode
Quiz Categories
Sports
Geography
Music
Movies
Television
Just For Fun
Miscellaneous
History
Literature
Language
Science
Gaming
Entertainment
Religion
Holiday
For Kids
Quiz Lab
Recent
Popular Today
Quiz Kudos Today
Editor Picks
Curator Picks
Quizzes by...
Day
Popularity
Type
Ratings
Length
Year
Community
Subscriptions
Recent Discussions
Orange Saloon
Badges
Playlists
Quests
Create
Leaderboards
Showdown
Live 5
Trivia Bingo
Activity
Puzzle Library
Sporcle Events
Private Events
Virtual Trivia
Globe League
Become a Host
Pub Owners
SporcleCon
Opinionation
Our Games
Videos
Blog
Mobile Apps
Partnerships
Remove Ads and Go Orange
Feedback
Entertainment
Celebrity
Famous
Musical
Broadway
Show
Quote
Comic Books
Anime
Superhero
DC Comics
Marvel
Cartoons
Animation
Entertainment
Celebrity
Famous
Musical
Broadway
Show
Quote
Comic Books
Anime
Superhero
DC Comics
Marvel
Cartoons
Animation
Random Quiz
Search Sporcle
×
Quiz Lab
Quiz Lab
Entertainment
Pharmacology
Type in answers that appear in a list
Type in answers that appear in a list
Classic
Best Score? Go Orange.
Pharmacology mt Stats
Can you name the Pharmacology mt?
By
minnabr
20m
92 Questions
14 Plays
14 Plays
14 Plays
Comments
Comments
Give Quiz Kudos
Give Quiz Kudos
-
- Ratings
hide this ad
Forced Order
Answers have to be entered in order
Answers have to be entered in order
Replay
Link that replays current quiz
Next Quiz
Link to next quiz in quiz playlist
You Got
0%
They Got
Avg Score
23%
Avg Friend Score
Upgrade to see
Score Distribution
Jump to the score distribution portion of the page
Score
0/92
Timer
20:00
0
Plays Today
Hint
Answer
% Correct
A chemical substance produced by a microorganism which has the ability to inhibit or kill foreign organisms in the body
Antibiotic
64.3%
Gastrointestinal drug which neutralizes the acid in the stomach
Antacid
64.3%
The legal non commercial name for a drug
Generic name
57.1%
An agent which produces sleep
Hypnotic
50%
Factors in a patient's condition which prevents the use of a particular drug or treatment
Contraindications
50%
A drug which blocks the action of histamine in the body and helps prevent allergic symptoms
Antihistamine
50%
Increasing resistance to the usual effects of an established dosage of a drug as a result of continued use
Tolerance
50%
An agent which effects blood pressure by increasing production of urine and thus reducing the volume of fluid in the body
Diuretic
50%
A drug which prevents the formation of clots in blood vessels
Anticoagulant
50%
An agent that reduces functional or vital activity
Depressant
42.9%
An agent that is given to counteract the unwanted effect of a drug
Antidote
42.9%
A hypersensitive reaction of the body to a drug and foreign organism. Symptoms may include hives asthma and rhinitis
Anaphylaxis
42.9%
g
gram
42.9%
O2
Oxygen
42.9%
IV
Intravenous
42.9%
Drug which promotes the muscle tone (contractility) of the heart
Cardiotonic
35.7%
The administration of small repeated doses of a drug so that the drug builds up or accumulates in the body
Accumulation
35.7%
An agent which promotes vomiting
Emetic
35.7%
A drug which has the same effect as acetylcholine on the body-
a parasympathetic effect
Cholinergic
35.7%
The harmful effects of a drug
Toxicity
35.7%
Cone shaped objects containing medication which are inserted into the rectum vagina or urethra
Suppository
35.7%
A strong cathartic
Purgative
35.7%
Us Govt agency having the legal responsibility for enforcing proper drug manufacture and clinical use
Food and drug
35.7%
Weak Cathartic
Laxative
35.7%
Joint action of agents in which their combined effect is more intense or longer in duration than the sum of their individual effects
Synergism
35.7%
A central nervous system stimulant
Amphetamine
35.7%
An agent that is effective against viruses
Antiviral
35.7%
L
Litre
35.7%
A reference listing of drugs and their appropriate clinical useage
Hospital Formulary
28.6%
Drugs used to control anxiety
Tranquilizers
28.6%
A rare type of toxic effect produced in a particularly sensitive individual bit not seen in most patients
Idiosyncrasy
28.6%
Hint
Answer
% Correct
The combined effect of two drugs that is equal to the sum of the effects of each drug taken alone
Additive effect
28.6%
Pertaining to the art or act of determining the nature of a patient's disease
Diagnostic
28.6%
A drug which relieves constipation
cathartic
28.6%
A drug which acts like the sympathetic nervous system-
increases heart rate blood pressure and opens air passages
Sympathomimetic
28.6%
Habit forming drug which relieves pain and produces stupor or insensibility
Narcotic
28.6%
A drug used to prevent convulsions such as epilepsy
anticonvulsant
28.6%
Commercial name for a drug-
normally the property of the drug manuf-
aka trade name
Brand name
28.6%
An agent which excites and promotes functional activity
Stimulant
28.6%
gr
gram
28.6%
IM
Intramuscular
28.6%
Mg
Milligram
28.6%
ml
Milliliter
28.6%
po
by mouth
28.6%
cap
capsule
28.6%
An agent or measure used to prevent diseases
Prophylactic
21.4%
Study of the interaction of drugs and cells or sub cellular entities such as DNA RNA an enzymes
Molecular Pharmacology
21.4%
An untoward reaction that develops after the individual has taken a drug
Allergic reaction
21.4%
An agent which relieves nausea and vomiting
anti-nauseant
21.4%
A chemical formula for a drug
Chemical name
21.4%
Cardiovascular drug which helps restore heart rhythm to a regular cycle
anti-arrhythmic
21.4%
Drug used to prevent diarrhea
Anti-diarrheal
21.4%
A mild hypnotic drug-
relaxing without necessarily producing sleep
Sedative
21.4%
gm
gram
21.4%
oz
Ounce
21.4%
The combined effect of two drugs that is less than the effect of either drug taken alone
Antagonism
14.3%
Formation of a chemical compound by enzymes within an organism -
in vivo-
or in vitro by fragments of cells
Biosynthesis
14.3%
A drug which acts in the same manner as the parasympathetic nervous system-
reduces heart rate and stimulates peristalsis
Parasympathomimetic
14.3%
An unpredictable effect that is not related the the main action of the drug
Side effect
14.3%
A sedative and hypnotic drug
Barbiturate
14.3%
Study of how drugs achieve their effects in living organisms incl their absorption metabolism and excretion from the body
Pharmacodynamics
14.3%
The preparation and dispensing of drugs for medical use
pharmacy
14.3%
Hint
Answer
% Correct
the science that deals with poisons their detection and the symptoms diagnosis and treatment of conditions caused by them
Toxicology
14.3%
study of drugs that destroy malignant cells and their effects on the body
Chemotherapy
14.3%
oz
ounce
14.3%
NTG
Nitroglycerin
14.3%
KCL
Potassium Chloride
14.3%
meds
medications
14.3%
OS
Left eye
14.3%
Major tranquilizers used for control of psychoses
Phenothiazines
7.1%
A bacteriostatic agent
Sulfonamides
7.1%
hs
bedtime
7.1%
IU
International unit
7.1%
mEg
Milliequivalent
7.1%
Heplock
Heparin lock
7.1%
Hx
History
7.1%
LOC
Level of consciousness
7.1%
nebs
Nebulized medication
7.1%
Administration of drugs by injection into the skin muscles or veins
Parenteral administration
0%
Use of drugs and method of administration in treatment for disease
therapeutics
0%
Chemical agents that produce biological responses within the body. Used to diagnose cure mitigate treat or prevent disease
Drugs
0%
IR
Immediate release
0%
OD
Overdose
0%
PICC
Peripherally inserted central catheter
0%
dc
discontinue, discharge
0%
PCA
Patient controlled analgesia
0%
pr
per rectum
0%
cc
cubic centimeters
0%
NS
Iv solution 0.9%
0%
p.c.
after meals, post cibum
0%
ASA
Acetylsalicyclic acid
0%
CR
Continuous release
0%
Quiz Playlist
Details
Report
Send in Message
Add To Playlist
Classic:
Type in answers that appear in a list
Forced Order:
Answers have to be entered in order
Last Updated: Dec 26, 2018
Quiz Scoreboard
CHALLENGE
Sign Up to Join the Scoreboard
Show All
Scores
Hide
Comments
May contain spoilers
Recently Published
An Introduction to Baseball
by treessimontrees
Sports
5m
Movies - When Are They Set?
by FPL_Elf
Movies
5m
Popular People in 1961
by mucciniale
History
6m
More to Explore
Quiz From the Vault
Featured Blog Post
Where Did the Easter Bunny Come From?
hide this ad
You Might Also Like...
Tags
Pharmacology
Today's Top Quizzes in Entertainment
Browse Entertainment
hide this ad
Top Contributed Quizzes in Entertainment
1
Kamen Rider Motifs
2
Dragon Ball Z: Goku's Fights in Order
3
Dragon Ball Z: Mega Character Search
4
Marvel Characters Bunker
5
Criteria Quickie: Cartoon Taxonomy II
6
One Piece Arcs By Order III
7
Fictional Villains Letter U Blitz
8
Ana Gasteyer or Kathryn Hahn?
9
One Thing in Common: Fictional Characters
10
Dragon Ball Z: Super Saiyans in Order
Explore More
Trending Topics
Crossword
Anime
Harry Potter
Kpop
Marvel
Disney
NBA
Pokémon
Puzzle
Country
Soccer
NFL
WWE
The Office
Song
hide this ad
More By:
minnabr
Quiz
Plays
Rating
Category
Featured
Created
medical terminology mt
25
Science
Sep 20, 2018
Pharmacology mt
14
Entertainment
Dec 9, 2018
Blood System
12
Science
Oct 13, 2018
Nervous system MT
10
Science
Sep 30, 2018
Cardiovascular MT
8
Science
Oct 4, 2018
Go to Creator's Profile
Score Distribution
Quiz Creator Spotlight
minnabr
Follow
Send a Message
Quizzes Created
-
Created Quiz Play Count
-
More By This Creator
Popular Quizzes Today
1
Find the Countries of Europe - No Outlines Minefield
2
Find the US States - No Outlines Minefield
3
The Countries of the World
4
Popular People in 1961
5
US States
6
1-10 Letter E Words III
7
Find the US States
8
One Thing in Common: World Cities II
More Entertainment Quizzes
Green* Named People Picture Click
Quiz Lab
Trending Quizzes
Risky Map Clicking: Least Populous States A-Z
1-10 Letter F Words
1-10 Letter G Words
One Thing in Common: United Kingdom
Risky Map Clicking: Next State Alphabetically
Recently Updated
Leaping Animals
pecheneg
Reality TV Shows (A-Z)
bhenderson79
Rickey Henderson's Hall of Fame Teammates
pecheneg
Champions League XIs: Arsenal
pecheneg
Quick Pick: Celebrities in WWE's Hall of Fame
aduchscher
A-Z Keypad Blitz II
pecheneg
Multiple Oscar Actors
pecheneg
Mystery Phrase Blitz: Oscar 'Best Actors'
pecheneg
F. Scott Fitzgerald Novels
LTH
Pick 3 Villains
ddd62291
Trending Topics
Disney
Harry Potter
Anime
Kpop
Crossword
NBA
Marvel
WWE
Pokémon
Soccer
The Office
Song
Country
NFL
Puzzle
Your Account Isn't Verified!
In order to create a playlist on Sporcle, you need to verify the email address you used during registration. Go to your
Sporcle Settings
to finish the process.
Report this User
Report this user for behavior that violates our
Community Guidelines
.
Details:
Send Report
Go to the Sporcle.com Mobile Site →
Comments